টর্ট আইন। (Record no. 3174)
[ view plain ]
| 000 -LEADER | |
|---|---|
| fixed length control field | 00520nam a2200169Ia 4500 |
| 008 - FIXED-LENGTH DATA ELEMENTS--GENERAL INFORMATION | |
| fixed length control field | 151213s9999 xx 000 0 und d |
| 020 ## - INTERNATIONAL STANDARD BOOK NUMBER | |
| International Standard Book Number | 984-843-049-0 |
| 100 ## - MAIN ENTRY--PERSONAL NAME | |
| Personal name | এ. বি . সিদ্দিক। |
| 245 ## - TITLE STATEMENT | |
| Title | টর্ট আইন। |
| Statement of responsibility, etc. | এ. বি . সিদ্দিক। |
| 250 ## - EDITION STATEMENT | |
| Edition statement | ১ম |
| 260 ## - PUBLICATION, DISTRIBUTION, ETC. (IMPRINT) | |
| Place of publication, distribution, etc. | উযধশধ |
| Name of publisher, distributor, etc. | লকামরুল বকু হাউস |
| Date of publication, distribution, etc. | 1984 |
| 300 ## - PHYSICAL DESCRIPTION | |
| Extent | 5144 p. |
| 650 ## - SUBJECT ADDED ENTRY--TOPICAL TERM | |
| Topical term or geographic name as entry element | Law |
| 650 ## - SUBJECT ADDED ENTRY--TOPICAL TERM | |
| Topical term or geographic name as entry element | Law |
| 700 ## - ADDED ENTRY--PERSONAL NAME | |
| Personal name | এ. বি . সিদ্দিক। |
No items available.
